| 000 | 00536nam a22002057a 4500 | ||
|---|---|---|---|
| 005 | 20180417115602.0 | ||
| 008 | 180417b xxu||||| |||| 00| 0 eng d | ||
| 020 |
_a8176464651 _c₹ 1000 |
||
| 040 | _aLoreto College | ||
| 041 | _aEnglish | ||
| 082 |
_a954.01 _bYAD |
||
| 100 | _aYadav, Sima | ||
| 245 |
_aThe Myth of Indian feudalism _cSima Yadav |
||
| 260 |
_aDelhi _bB.R. Publishing _c©2005 |
||
| 300 |
_a326 p. _b24 cm. |
||
| 504 | _aIncludes index | ||
| 650 |
_aFeudalism _vHistory _zIndia |
||
| 850 | _aLCLIB | ||
| 942 | _cBK | ||
| 999 |
_c41496 _d91975 |
||